000 00420nam a22001337a 4500
999 _c12825
_d12825
008 250916b 2014 ||||| |||| 00| 0 eng d
020 _a978-92-801-1600-7
110 _aIMO : International Maritime Organization
245 _aA pocket guide to recovery techniques (2014 Edition)
250 _a2014 ed.
260 _aLondon
_bIMO : International Maritime Organization
_c2014
300 _aDigital Format
942 _cEB